Normal view
MARC view
- Cook,Vivian Editor
Entry Personal Name
001 - CONTROL NUMBER
- control field: 2593
003 - CONTROL NUMBER IDENTIFIER
- control field: JO-AjAnu
005 - DATE AND TIME OF LATEST TRANSACTION
- control field: 20230606070729.0
008 - FIXED-LENGTH DATA ELEMENTS
- fixed length control field: 230606|| aca||aabn | a|a d
040 ## - CATALOGING SOURCE
- Original cataloging agency: JO-AjAnu
- Transcribing agency: JO-AjAnu
100 ## - HEADING--PERSONAL NAME
- Personal name: Cook,Vivian Editor
670 ## - SOURCE DATA FOUND
- Source citation: Work cat.: (JO-AjAnu)1356: Cook,Vivian Editor, author, Contemporary Applied Linguisics:Language Teaching and Learning Vol.1